000 00644nam a2200229Ia 4500
003 OSt
005 20220928103957.0
006 a|||||r|||| 00| 0
007 ta
008 220927b |||||||| |||| 00| 0 eng d
024 _a25560
037 _cReference Collections
040 _aSDCL
_cSDCL
_beng
041 _2eng
_aeng
082 _aNk, M8 RR
100 _aBatham Roop Narayan
_9407908
245 0 _aDefinitional dictionary of art terms.
260 _aNew Delhi
_bVani Publication
_c1988
300 _a252p
_ccm.
942 _hNk, M8 RR
_cREF
_2CC
999 _c723415
_d723415